00457nam a2200109Ia 4500008004100000100002800041245010500069260006300174300001800237650001700255856007500272160712s9999 xx 000 0 und d aLacbawan Jr.,Macario B. cMacario B. Lacbawan Jr.aMarketing Death: Culture and the Making of a Life Insurance Market in China c2014bKasarinlan Philippine Journal of Third World Studies avol. 29 no. 1 xINDEPENDENCE uhttp://journals.upd.edu.ph/index.php/kasarinlan/issue/view/486/showToc